Statistiques concernant Pays sans aucune rivière

Cliquez ici pour prendre le quiz!

Statistiques générales

  • Ce quiz a été pris 6 912 fois
    (2 936 depuis la dernière actualisation)
  • Le résultat moyen est 11 sur 17

Statistiques - réponses

ContinentPays% Correct
EuropeVatican
87%
EuropeMonaco
83%
AsieQatar
71%
OcéanieNauru
68%
OcéanieTuvalu
68%
AsieOman
68%
AsieYémen
67%
AsieBahreïn
66%
AsieArabie Saoudite
66%
AsieÉmirats Arabes Unis
65%
AsieKoweït
64%
OcéanieÎles Marshall
59%
OcéanieKiribati
59%
EuropeMalte
58%
AfriqueComores
47%
Amérique du NordBahamas
45%
AsieMaldives
39%

Distribution des résultats

Percentile par nombre de réponses

% des personnes avec chaque résultat

Votre développement - résultats

Vous n’avez pas pris ce quiz depuis la dernière actualisation